Design and layout of roads in built- up areas: report (Record no. 425255)

000 -LEADER
fixed length control field 00391cam a22001097a 4500
008 - FIXED-LENGTH DATA ELEMENTS--GENERAL INFORMATION
fixed length control field 180718b1956 xxu||||| |||| 00| 0 eng d
082 ## - DEWEY DECIMAL CLASSIFICATION NUMBER
Classification number X63x42
245 ## - TITLE STATEMENT
Title Design and layout of roads in built- up areas: report
Statement of responsibility, etc. by Minister of War Transport, United Kingdom
260 ## - PUBLICATION, DISTRIBUTION, ETC.
Place of publication, distribution, etc. London
Name of publisher, distributor, etc. Her Majesty's Stationery Office
Date of publication, distribution, etc. 1956
300 ## - PHYSICAL DESCRIPTION
Extent 100+p.
700 ## - ADDED ENTRY--PERSONAL NAME
Personal name United Kingdom. Minister of War Transport
Holdings
Withdrawn status Lost status Damaged status Not for loan Permanent Location Current Location Date acquired Full call number Barcode Date last seen Price effective from Koha item type
        Indian Institute of Public Administration Indian Institute of Public Administration 2009-10-07 X63x42 8247 2018-07-21 2018-07-21 Book

Powered by Koha